Every Gun In Fortnite Battle Royale - Statistics

General Stats
  • This quiz has been taken 35 times
  • The average score is 14 of 242
Answer Stats
Weapon Type Rarity Ammo Type Answer % Correct
Shotguns Common-Legendary Shells Pump Shotgun
56%
Shotguns Common-Legendary Shells Tactical Shotgun
48%
Assault Weapons Common-Legendary Medium Bullets Heavy Assault Rifle
44%
Assault Weapons Common-Legendary Medium Bullets Burst Assault Rifle
40%
Pistols Common-Legendary Light Bullets Pistol
32%
Submachine Guns Rare-Legendary Medium Bullets Drum Gun
28%
Submachine Guns Mythic Medium Bullets Midas' Drum Gun
28%
Explosive Weapons Common-Legendary Rockets Rocket Launcher
28%
Submachine Guns Common-Legendary Light Bullets Submachine Gun
28%
Assault Weapons Rare-Legendary Light Bullets Minigun
24%
Assault Weapons Mythic Medium Bullets Skye's Assault Rifle
24%
Assault Weapons Common-Legendary Light Bullets Tactical Assault Rifle
24%
Sniper Rifles Common-Legendary Heavy Bullets Bolt-Action Sniper Rifle
20%
Pistols Rare-Legendary Heavy Bullets Hand Cannon
20%
Assault Weapons Mythic Light Bullets Brutus' Minigun
16%
Shotguns Common-Legendary Shells Gatekeeper Shotgun
16%
Sniper Rifles Rare-Legendary Heavy Bullets Heavy Sniper Rifle
16%
Assault Weapons Common-Legendary Medium Bullets Infantry Rifle
16%
Shotguns Common-Legendary Shells Ranger Shotgun
16%
Pistols Common-Legendary Medium Bullets Revolver
16%
Assault Weapons Rare-Legendary Medium Bullets Suppressed Assault Rifle
16%
Pistols Common-Legendary Light Bullets Suppressed Pistol
16%
Submachine Guns Common-Mythic Light Bullets Suppressed Submachine Gun
16%
Submachine Guns Uncommon-Legendary Light Bullets Tactical Submachine Gun
16%
Shotguns Common-Legendary Shells Auto Shotgun
12%
Bows Legendary Shells Boom Bow
12%
Assault Weapons Common-Legendary Medium Bullets Combat Assault Rifle
12%
Shotguns Common-Legendary Shells Combat Shotgun
12%
Shotguns Epic-Legendary Shells Double Barrel Shotgun
12%
Shotguns Common-Legendary Shells Drum Shotgun
12%
Explosive Weapons Common Individual Item Grenade
12%
Explosive Weapons Rare-Legendary Rockets Grenade Launcher
12%
Assault Weapons Common-Mythic Medium Bullets Hammer Assault Rifle
12%
Sniper Rifles Uncommon-Legendary Heavy Bullets Hunting Rifle
12%
Shotguns Common-Rare Shells Makeshift Shotgun
12%
Pistols Common-Legendary Heavy Bullets Mammoth Pistol
12%
Shotguns Common-Legendary Shells Maven Auto Shotgun
12%
Shotguns Uncommon-Legendary Shells Primal Shotgun
12%
Assault Weapons Rare-Legendary Medium Bullets Pulse Rifle
12%
Submachine Guns Common-Mythic Light Bullets Rapid Fire SMG
12%
Explosive Weapons Rare-Legendary Junk Ammo Recycler
12%
Assault Weapons Uncommon-Legendary Medium Bullets Scoped Assault Rifle
12%
Shotguns Common-Legendary Shells Thunder Shotgun
12%
Shotguns Common-Mythic Shells Two-Shot Shotgun
12%
Submachine Guns Common-Rare Light Bullets Burst SMG
8%
Shotguns Common-Legendary Shells Charge Shotgun
8%
Marksman Rifles Common-Mythic Medium Bullets Cobra DMR
8%
Submachine Guns Common-Legendary Light Bullets Combat SMG
8%
Marksman Rifles Common-Mythic Medium Bullets DMR
8%
Shotguns Epic-Legendary Shells Dragon's Breath Shotgun
8%
Shotguns Uncommon-Mythic Shells EvoChrome Shotgun
8%
Explosive Weapons Rare Explosive Goo Gun
8%
Assault Weapons Common-Legendary Medium Bullets Flapjack Rifle
8%
Shotguns Common-Legendary Shells Hammer Pump Shotgun
8%
Shotguns Common-Legendary Shells Havoc Pump Shotgun
8%
Shotguns Exotic Shells Heisted Accelerant Shotgun
8%
Shotguns Common-Legendary Shells Infiltrator Pump Shotgun
8%
Assault Weapons Mythic Medium Bullets Jules' Drum Gun
8%
Assault Weapons Rare-Legendary Medium Bullets Legacy Tactical Assault Rifle
8%
Sniper Rifles Uncommon-Epic Heavy Bullets Lever Action Rifle
8%
Shotguns Common-Legendary Shells Lever Action Shotgun
8%
Assault Weapons Common-Legendary Medium Bullets Light Machine Gun
8%
Pistols Rare Light Bullets Lock On Pistol
8%
Assault Weapons Common-Legendary Medium Bullets MK-Alpha Assault Rifle
8%
Pistols Exotic Medium Bullets Night Hawk
8%
Submachine Guns Uncommon-Legendary Light Bullets Primal SMG
8%
Shotguns Common-Mythic Shells Prime Shotgun
8%
Explosive Weapons Uncommon-Legendary Rockets Pumpkin Launcher
8%
Explosive Weapons Epic-Legendary Rockets Quad Launcher
8%
Sniper Rifles Rare-Legendary Heavy Bullets Rail Gun
8%
Assault Weapons Common-Legendary Medium Bullets Ranger Assault Rifle
8%
Submachine Guns Common-Legendary Light Bullets Scoped Burst SMG
8%
Sniper Rifles Uncommon-Legendary Heavy Bullets Semi-Auto Sniper Rifle
8%
Pistols Exotic Light Bullets Shadow Tracker
8%
Shotguns Uncommon-Legendary Shells Sharp Tooth Shotgun
8%
Submachine Guns Common-Mythic Light Bullets Stinger SMG
8%
Shotguns Common-Legendary Shells Striker Pump Shotgun
8%
Shotguns Exotic Shells The Dub
8%
Marksman Rifles Uncommon-Legendary Medium Bullets Thermal DMR
8%
Assault Weapons Common-Legendary Medium Bullets Twin Mag Assault Rifle
8%
Assault Weapons Common-Legendary Medium Bullets Warforged Assault Rifle
8%
Assault Weapons Mythic Medium Bullets Ares' Warforged Assault Rifle
4%
Assault Weapons Common-Legendary Medium Bullets Assault Rifle (Legacy)
4%
Assault Weapons Common-Legendary Medium Bullets Assault Rifle (New)
4%
Submachine Guns Mythic Energy Cells Bender's Shiny Metal Raygun
4%
Crossbows Rare-Legendary Rockets Boom Bolt
4%
Assault Weapons Exotic Medium Bullets Burst Pulse Rifle
4%
Explosive Weapons Exotic Rockets Burst Quad Launcher
4%
Shotguns Mythic Shells Cerberus' Gatekeeper Shotgun
4%
Submachine Guns Common-Legendary Light Bullets Charge SMG
4%
Explosive Weapons Uncommon Individual Item Clingers
4%
Explosive Weapons Uncommon Individual Item Cluster Clinger
4%
Pistols Common-Legendary Light Bullets Combat Pistol
4%
Submachine Guns Epic-Legendary Light Bullets Compact SMG
4%
Pistols Mythic Heavy Bullets Conductor Hand Cannon
4%
Crossbows Rare-Epic Crossbow Bolts Crossbow
4%
Pistols Mythic Light Bullets Doctor Doom's Monarch Pistol
4%
Sniper Rifles Exotic Heavy Bullets Dragon's Breath Sniper
4%
Assault Weapons Mythic Medium Bullets Emma Frost's Striker Burst AR
4%
Shotguns Mythic Shells Enhanced Drum Shotgun
4%
Shotguns Mythic Shells Enhanced Infiltrator Pump Shotgun
4%
Assault Weapons Uncommon-Mythic Medium Bullets EvoChrome Burst Rifle
4%
Marksman Rifles Rare-Legendary Shells Ex-Caliber Rifle
4%
Sniper Rifles Uncommon-Legendary Heavy Bullets Explosive Repeater Rifle
4%
Pistols Common-Uncommon Heavy Bullets Flint-Knock Pistol
4%
Shotguns Common-Legendary Shells Frenzy Auto Shotgun
4%
Bows Exotic Arrows Grappler Bow
4%
Explosive Weapons Epic-Legendary Rockets Guided Missile
4%
Submachine Guns Mythic Light Bullets Gunnar's Stinger SMG
4%
Submachine Guns Mythic Light Bullets Hades' Harbinger SMG
4%
Submachine Guns Common-Legendary Light Bullets Harbinger SMG
4%
Assault Weapons Common-Legendary Medium Bullets Havoc Suppressed Assault Rifle
4%
Submachine Guns Exotic Light Bullets Heisted Blink Mag SMG
4%
Shotguns Exotic Shells Heisted Breacher Shotgun
4%
Assault Weapons Exotic Medium Bullets Heisted Explosive Assault Rifle
4%
Marksman Rifles Uncommon-Legendary Medium Bullets Huntress DMR
4%
Submachine Guns Common-Legendary Light Bullets Hyper SMG
4%
Shotguns Mythic Shells Kit's Charge Shotgun
4%
Submachine Guns Rare-Legendary Energy Cells Kymera Ray Gun
4%
Assault Weapons Common-Legendary Medium Bullets Legacy Combat Assault Rifle
4%
Pistols Rare-Legendary Heavy Bullets Legacy Hand Cannon
4%
Assault Weapons Common-Rare Medium Bullets Makeshift Rifle
4%
Submachine Guns Common-Rare Light Bullets Makeshift Submachine Gun
4%
Shotguns Mythic Shells Megalo Don's Combat Shotgun
4%
Assault Weapons Mythic Medium Bullets Meowscles' Peow Peow Rifle
4%
Assault Weapons Common-Legendary Medium Bullets MK-Seven Assault Rifle
4%
Pistols Common-Legendary Light Bullets Monarch Pistol
4%
Assault Weapons Mythic Medium Bullets Montague's Nemesis AR
4%
Shotguns Mythic Shells Mysterio's Sovereign Shotgun
4%
Assault Weapons Common-Legendary Medium Bullets Nemesis AR
4%
Assault Weapons Mythic Medium Bullets Nisha's Striker AR
4%
Assault Weapons Mythic Medium Bullets Ocean's Burst Assault Rifle
4%
Shotguns Mythic Shells Oscar's Frenzy Auto Shotgun
4%
Assault Weapons Mythic Medium Bullets Overclocked Pulse Rifle
4%
Shotguns Mythic Shells Peter Griffin's Hammer Pump Shotgun
4%
Explosive Weapons Legendary Plasma Plasma Cannon
4%
Bows Rare Arrows Primal Bow
4%
Pistols Uncommon-Legendary Medium Bullets Primal Pistol
4%
Assault Weapons Uncommon-Legendary Medium Bullets Primal Rifle
4%
Pistols Common-Legendary Light Bullets Ranger Pistol
4%
Assault Weapons Common-Legendary Medium Bullets Red-Eye Assault Rifle
4%
Explosive Weapons Legendary Rockets Shockwave Launcher
4%
Assault Weapons Common-Mythic Light Bullets Sideways Minigun
4%
Pistols Uncommon-Epic Medium Bullets Six Shooter
4%
Assault Weapons Mythic Medium Bullets Slone's Burst Assault Rifle
4%
Shotguns Common-Legendary Shells Sovereign Shotgun
4%
Assault Weapons Common-Legendary Medium Bullets Striker AR
4%
Assault Weapons Common-Legendary Medium Bullets Striker Burst Rifle
4%
Sniper Rifles Rare-Legendary Heavy Bullets Suppressed Sniper Rifle
4%
Marksman Rifles Uncommon-Legendary Medium Bullets Tactical DMR
4%
Pistols Common-Mythic Light Bullets Tactical Pistol
4%
Marksman Rifles Mythic Shells The Ageless Champion's Ex-Caliber Rifle
4%
Assault Weapons Mythic Medium Bullets The Machinist's Combat Assault Rifle
4%
Assault Weapons Rare-Legendary Medium Bullets Thermal Scoped Assault Rifle
4%
Submachine Guns Common-Legendary Light Bullets Thunder Burst SMG
4%
Crossbows Mythic 5 Charges TNTina's Ka-Boom Bow
4%
Submachine Guns Common-Legendary Light Bullets Twin Mag SMG
4%
Marksman Rifles Mythic Medium Bullets Zeus' Huntress DMR
4%
Explosive Weapons Legendary Alien Knockgun Launcher
0%
Sniper Rifles Mythic Heavy Bullets Amban Sniper Rifle
0%
Explosive Weapons Rare-Legendary Rockets Anvil Rocket Launcher
0%
Sniper Rifles Rare-Legendary Medium Bullets Automatic Sniper Rifle
0%
Sniper Rifles Exotic Heavy Bullets Boom Sniper Rifle
0%
Explosive Weapons Uncommon Individual Item Bottle Rockets
0%
Explosive Weapons Rare Individual Item Cuddle Fish
0%
Crossbows Rare-Epic Crossbow Bolts Cupid's Crossbow
0%
Explosive Weapons Mythic 2 Charges Cybertron Cannon
0%
Assault Weapons Mythic Energy Cells DC-15 Blaster Rifle
0%
Pistols Mythic Medium Bullets Deadpool's Dual Hand Cannons
0%
Marksman Rifles Mythic Medium Bullets Diamond's Thermal DMR
0%
Crossbows Uncommon-Legendary Medium Bullets Dual Fiend Hunters
0%
Submachine Guns Common-Legendary Light Bullets Dual Micro SMGs
0%
Pistols Rare-Legendary Medium Bullets Dual Pistols
0%
Explosive Weapons Uncommon Individual Item Dynamite
0%
Assault Weapons Mythic Energy Cells E-11 Blaster Rifle
0%
Explosive Weapons Uncommon-Legendary Rockets Egg Launcher
0%
Assault Weapons Common-Legendary Medium Bullets Enforcer AR
0%
Assault Weapons Mythic Medium Bullets Enhanced Flapjack Rifle
0%
Shotguns Mythic Shells Enhanced Havoc Shotgun
0%
Crossbows Epic Crossbow Bolts Fiend Hunter Crossbow
0%
Explosive Weapons Rare Individual Item Firefly Jar
0%
Assault Weapons Mythic Energy Cells First Order Blaster Rifle
0%
Submachine Guns Mythic Light Bullets Gwenpool's Dual Micro SMGs
0%
Assault Weapons Mythic Medium Bullets Heart's Havoc Suppressed Rifle
0%
Sniper Rifles Rare-Legendary Heavy Bullets Heavy Impact Sniper Rifle
0%
Shotguns Common-Legendary Shells Heavy Shotgun (New)
0%
Shotguns Rare-Legendary Shells Heavy Shotgun (Old)
0%
Submachine Guns Exotic Light Bullets Heisten Run N' Gun SMG
0%
Assault Weapons Mythic Medium Bullets Highcard's Havoc Suppressed Rifle
0%
Pistols Exotic Medium Bullets Hop Rock Dualies
0%
Sniper Rifles Uncommon-Legendary Heavy Bullets Hunter Bolt-Action Sniper
0%
Assault Weapons Mythic Medium Bullets Huntmaster Saber's Thermal Rifle
0%
Submachine Guns Mythic Light Bullets Inkquisitor's Suppressed SMG
0%
Explosive Weapons Mythic Rockets Kit's Shockwave Launcher
0%
Shotguns Common-Legendary Shells Legacy Combat Shotgun
0%
Assault Weapons Uncommon-Rare Medium Bullets Legacy Drum Gun
0%
Assault Weapons Common-Legendary Medium Bullets Legacy Striker Burst Rifle
0%
Submachine Guns Common-Legendary Light Bullets Machine SMG
0%
Bows Uncommon Arrows Makeshift Bow
0%
Pistols Common-Rare Medium Bullets Makeshift Revolver
0%
Pistols Exotic Medium Bullets Marksman Six Shooter
0%
Bows Rare Arrows Mechanical Bow
0%
Bows Rare-Legendary Arrows Mechanical Explosive Bow
0%
Bows Rare-Legendary Arrows Mechanical Shockwave Bow
0%
Assault Weapons Mythic Medium Bullets Midas' Drum Gun (OG)
0%
Explosive Weapons Mythic Individual Item Paper Bomb Kunai
0%
Bows Rare-Legendary Arrows Primal Flame Bow
0%
Bows Rare-Legendary Arrows Primal Stink Bow
0%
Explosive Weapons Epic-Legendary Rockets Proximity Grenade Launcher
0%
Explosive Weapons Rare Individual Item Proximity Mine
0%
Bows Mythic Arrows Raz's Explosive Bow
0%
Sniper Rifles Uncommon-Legendary Heavy Bullets Reaper Sniper Rifle
0%
Assault Weapons Mythic Medium Bullets Relik's MK-Alpha Assault Rifle
0%
Explosive Weapons Epic Individual Item Remote Explosives
0%
Crossbows Mythic Rockets Ringmaster's Boom Bolt
0%
Pistols Epic-Legendary Medium Bullets Scoper Revolver
0%
Pistols Uncommon-Legendary Light Bullets Semi-Auto Suppressed Pistol
0%
Assault Weapons Mythic Medium Bullets Shadow Midas' Drum Gun
0%
Explosive Weapons Rare Individual Item Shield Breaker EMP
0%
Pistols Common-Legendary Light Bullets Sidearm Pistol
0%
Assault Weapons Common-Mythic Medium Bullets Sideways Rifle
0%
Assault Weapons Mythic Medium Bullets Slone's Pulse Rifle
0%
Assault Weapons Mythic Medium Bullets Slone's Striker Burst Rifle
0%
Explosive Weapons Uncommon-Legendary Rockets Snowball Launcher
0%
Shotguns Mythic Shells Spire Assassin's Primal Shotgun
0%
Explosive Weapons Mythic Junk Ammo Spire Assassin's Recycler
0%
Assault Weapons Rare-Legendary Medium Bullets Stark Industries Energy Rifle
0%
Explosive Weapons Epic-Legendary Rockets Sticky Grenade Launcher
0%
Sniper Rifles Exotic Heavy Bullets Storm Scout
0%
Sniper Rifles Epic-Legendary Heavy Bullets Storm Scout Sniper Rifle
0%
Submachine Guns Common-Rare Light Bullets Submachine Gun (Pre-Season)
0%
Explosive Weapons Exotic Rockets The Big Chill
0%
Assault Weapons Mythic Medium Bullets The Foundation's MK-Seven Assault Rifle
0%
Assault Weapons Mythic Medium Bullets The Herald's Burst Rifle
0%
Submachine Guns Mythic Light Bullets Thorne's Scoped Burst SMG
0%
Explosive Weapons Mythic Rockets Thunder Spears
0%
Assault Weapons Epic Energy Cells Tri-Beam Laser Rifle
0%
Bows Exotic Arrows Unstable Bow
0%
Submachine Guns Mythic Light Bullets Valeria's Hyper SMG
0%
Shotguns Rare-Legendary Shells Wood Stake Shotgun
0%
Sniper Rifles Legendary Energy Cells Zapotron
0%
Submachine Guns Mythic Energy Cells Zyg and Choppy's Ray Gun
0%
No matching quizzes found
Score Distribution
Percent of People with Each Score
Percentile by Number Answered
Your Score History
You have not taken this quiz